Marseille - Choix multiples - Statistiques

Statistiques générales
  • Ce quiz a été pris 533 fois
  • Le résultat moyen est 7 sur 10
Statistiques - réponses
Question Réponse % Correct
Quel était son nom lorsqu'elle fut fondée vers 600 av J-C par des marins et marchands grecs ? Massalia
99%
Dans quel département se trouve Marseille ? 13 - Bouche du Rhône
94%
Quelle série française créée en 2004 se situe principalement à Marseille ? Plus belle la vie
91%
Lequel de ces monuments ne se trouve PAS à Marseille ?
82%
Quel joueur fut l'unique buteur pour l'Olympique de Marseille lors de la final de la ligue des champions en 1993 ? Basile Boli
71%
Tout le monde connait l'histoire de la "sardine qui a bouché le port de Marseille". Mais ce n'est pas qu'un conte. Qu'est ce qui a réellement bouché le vieux port ? Un navire nommé "La Sartine"
63%
Laquelle de ces célébrités n'est PAS née à Marseille ? Simone Veil
62%
Que signifie la devise de Marseille : « Actibus immensis urbs fulget Massiliensis » ? La ville de Marseille resplendit par ses hauts faits
37%
Laquelle de ces inventions a été déposé et enregistré à Marseille ? La première combinaison de plongée
31%
Quel roi est à l'origine de la construction de Notre-Dame de la garde (surnommé "Bonne mère") ? Francois 1er
25%
Aucun quiz correspondant
Distribution des résultats
% des personnes avec chaque résultat
Percentile par nombre de réponses
Votre historique - résultats
Vous n’avez pas pris ce quiz